000 00795nam a2200241 i 4500
001 125465
003 ES-MaACL
005 20250809070333.0
007 t|
008 070613m19921993fr ||||1| fre d
020 _a2-253-02002-8
080 _a22
130 0 _aBiblia.
_lFrancés.
_9119283
245 1 3 _aLa Bible
_b: traduction oecuménique de la bible.
260 _aParis :
_bLibrairie Générale Française,
_c[1992-1993]
300 _a3 v. ;
_c17 cm.
490 1 _aLe Livre de poche ;
_v5146
500 _aBiblioteca Jacinto Martínez Lacalle.
505 8 _aContiene: vol. I: Ancient Testament 1 -- vol.II: Ancient Testament 2 -- vol. III: Nouveau Testament
830 0 3 _aLe livre de poche
_v5146
_9179656
852 _aES-MaACL
_jE-11675
_bR.139690
999 _c125465
_d125465